| 000 | 01037nam a22003017a 4500 | ||
|---|---|---|---|
| 003 | CHAP | ||
| 005 | 20220329143745.0 | ||
| 008 | 110622s2005 mx a r 00010 spa d | ||
| 010 | _a101516 | ||
| 011 | _a102488 | ||
| 035 | _a113176 | ||
| 040 | _cCHAP | ||
| 082 | 0 | 4 |
_a917.252 _bAn22 |
| 100 | 0 | 0 |
_aAnda Gutierrez, Cuauhtemoc. _95534 |
| 245 | 1 | 3 |
_aEl Estado de México, crecimiento y liderazgo _c/por Cuauhtémoc Anda Gutiérrez |
| 260 |
_aNaucalpan, Edo. Méx. : _bCuauhtémoc Anda Gutiérrez, _c2005 |
||
| 300 |
_a456 p. : _bilus. |
||
| 590 |
_aBATCH-UPD _b10 _c20130110 _lUCH01 _h1148 |
||
| 590 |
_aBATCH-UPD _b10 _c20130410 _lUCH01 _h0733 |
||
| 590 |
_aBATCH-UPD _b10 _c20130914 _lUCH01 _h1826 |
||
| 590 |
_aCONVERSION _b10 _c20130109 _lUCH01 _h1356 |
||
| 650 | 1 | 4 |
_aMéxico (Edo.) _xDescripción y viaje. _976827 |
| 650 | 1 | 4 |
_aMéxico (Edo.) _xHistoria. _976831 |
| 650 | 1 | 4 |
_aMéxico (Edo.) _xPolítica y gobierno. _976837 |
| 901 | _aBK | ||
| 942 | _cLIBRO | ||
| 949 |
_a917.252 An22 _bBC _cLIBRO _d33724002242793 _eLIBRO _h115252 _i113176 _sb |
||
| 999 |
_c101516 _d101516 |
||